Wszystkie osiedla Łodzi na mapie - Statystyki

Ogólne statystyki
  • Ten quiz został rozwiązany 391 razy
  • Średni wynik to 15 z 36
Odpowiedzi na mapie
Odpowiedzi zakodowano w zielono-czerwonej skali na mapie do tego quizu, zgodnie z poniższymi procentami.
 
Statystyki odpowiedzi
Dzielnica Osiedle % Poprawnych
Górna Chojny
71%
Bałuty Teofilów - Wielkopolska
69%
Bałuty Julianów - Marysin - Rogi
62%
Widzew Olechów - Janów
62%
Bałuty Radogoszcz
62%
Polesie Stare Polesie
59%
Bałuty Bałuty - Doły
57%
Górna Górniak
56%
Górna Chojny - Dąbrowa
55%
Widzew Nowosolna
52%
Widzew Stary Widzew
52%
Górna Ruda
50%
Widzew Zarzew
50%
Polesie Karolew - Retkinia Wschód
49%
Widzew Widzew Wschód
49%
Widzew Stoki - Sikawa - Podgórze
48%
Bałuty Łagiewniki
46%
Polesie Złotno
44%
Widzew Andrzejów
43%
Polesie Koziny
43%
Polesie Zdrowie - Mania
41%
Śródmieście Katedralna
39%
Polesie Retkinia Zachód - Smulsko
39%
Górna Wiskitno
39%
Polesie Lublinek - Pienista
38%
Górna Rokicie
36%
Górna Piastów - Kurak
33%
Widzew Osiedle nr 33
32%
Śródmieście Śródmieście - Wschód
31%
Bałuty Bałuty Zachodnie
25%
Widzew Mileszki
25%
Bałuty Bałuty Centrum
24%
Bałuty Wzniesień Łódzkich
24%
Widzew Dolina Łódki
16%
Górna Nad Nerem
14%
Polesie im. Józefa Montwiłła-Mireckiego
12%
Nie znaleziono quizów pasujących do podanych kryteriów
Rozkład punktacji
Procent ludzi z każdym wynikiem
Percentyl według liczby udzielonych odpowiedzi
Twoja historia wyników
Nie rozwiązałeś tego quizu